Catálogo
 En Linea

Análisis del estado actual de la educación medica en Venezuela : (Registro nro. 35767)

Detalles MARC
000 -CABECERA
campo de control de longitud fija 00745nam a2200157 a 4500
001 - NÚMERO DE CONTROL
campo de control 000036276
005 - FECHA Y HORA DE LA ÚLTIMA TRANSACCIÓN
campo de control 20200930075637.0
008 - DATOS DE LONGITUD FIJA--INFORMACIÓN GENERAL
campo de control de longitud fija 120112s1969 ve 000 0 spa d
040 ## - FUENTE DE LA CATALOGACIÓN
Centro catalogador/agencia de origen DO-SdBNP
Lengua de catalogación spa
Centro/agencia transcriptor BNPHU
082 ## - NÚMERO DE LA CLASIFICACIÓN DECIMAL DEWEY
Número de clasificación xxx
Número de documento/Ítem B456a
100 1# - ENTRADA PRINCIPAL--NOMBRE DE PERSONA
Nombre de persona Benaim Pinto, Henrique
9 (RLIN) 62395
245 10 - MENCIÓN DE TÍTULO
Título Análisis del estado actual de la educación medica en Venezuela :
Resto del título Con observaciones sobre nuestra problematica universitaria /
Mención de responsabilidad, etc. Henrique Benaim Pinto.
260 ## - PUBLICACIÓN, DISTRIBUCIÓN, ETC.
Lugar de publicación, distribución, etc. Venezuela :
Nombre del editor, distribuidor, etc. Universidad Central de Venezuela,
Fecha de publicación, distribución, etc. 1969.
300 ## - DESCRIPCIÓN FÍSICA
Extensión 283 p. ;
Dimensiones 23 cm.
500 ## - NOTA GENERAL
Nota general Correlato al tema formación de profesionales de la medicina, presentado al VII Congreso Venezolano de Ciencias Médicas - Caracas 23-30 de octubre, 1967- actualizado para febrero de 1969
Existencias
Estado de retiro Estado de pérdida Restricciones de uso No para préstamo Código de colección Localización permanente Ubicación/localización actual Ubicación en estantería Fecha de adquisición Número de inventario Total de préstamos Signatura topográfica completa Código de barras Fecha visto por última vez Precio válido a partir de Tipo de ítem Koha
      Excluido de préstamo Monografías: Libros y Folletos General General En catalogación 12.01.2012 LF1   xxx B456a 36277-10 25.06.2020 25.06.2020 No se presta
        Monografías: Libros y Folletos General General Orden iniciada 12.01.2012 LF1   xxx B456a 36278-10 25.06.2020 25.06.2020 No se presta

Con tecnología Koha